[Event "RUS-chT U18"]
[Site "Orsk"]
[Date "2002.??.??"]
[Round "?"]
[White "Kolpakov, Andrey"]
[Black "Konovalov, Nikolay"]
[Result "1/2-1/2"]
[WhiteElo "2190"]
[BlackElo "2185"]
[PlyCount "80"]
[EventDate "2002.??.??"]
[EventType "team-tourn"]
[EventRounds "9"]
[EventCountry "RUS"]
[SourceTitle "EXT 2003"]
[Source "ChessBase"]
[SourceDate "2002.11.25"]
[SourceVersion "1"]
[SourceVersionDate "2002.11.25"]
[SourceQuality "1"]

1. d4 Nf6 2. c4 c5 3. d5 b5 4. cxb5 a6 5. b6 d6 6. Nc3 g6 7. Nf3 Bg7 8. Nd2 Nfd7 9. e4 0-0 10. Be2 Nxb6 11. 0-0 a5 12. a4 Na6 13. Rb1 Nb4 14. Nc4 Ba6 15. Na3 Bxe2 16. Qxe2 Qd7 17. Qd1 Rfc8 18. Be3 Rab8 19. Nab5 Nc4 20. Bc1 Ne5 21. b3 Ned3 22. Be3 c4 23. Bc1 Nxc1 24. Rxc1 Nd3 25. Rb1 Nc5 26. bxc4 Bxc3 27. Nxc3 Rxb1 28. Qxb1 Nxa4 29. Nxa4 Qxa4 30. Qb7 Qxc4 31. Qxe7 Qc7 32. Qxc7 Rxc7 33. Ra1 Rc5 34. Kf1 Kg7 35. Ke2 f5 36. Kd3 Kf6 37. Kd4 fxe4 38. Kxe4 Rb5 39. Kd4 Kf5 40. Ra2 h5 1/2-1/2

[Event "St Petersburg White Nights op2"]
[Site "St Petersburg"]
[Date "2002.??.??"]
[Round "4"]
[White "Timchenko, Aleksandr"]
[Black "Kolpakov, Andrey"]
[Result "0-1"]
[WhiteElo "2110"]
[BlackElo "2190"]
[PlyCount "74"]
[EventDate "2002.??.??"]
[EventType "swiss"]
[EventRounds "9"]
[EventCountry "RUS"]
[SourceTitle "EXT 2003"]
[Source "ChessBase"]
[SourceDate "2002.11.25"]
[SourceVersion "1"]
[SourceVersionDate "2002.11.25"]
[SourceQuality "1"]

1. d4 Nf6 2. Nf3 g6 3. c4 Bg7 4. Nc3 0-0 5. Bg5 d6 6. e3 b6 7. Be2 Bb7 8. Qc2 Nbd7 9. 0-0 e6 10. h3 Qe7 11. Rfd1 Rfd8 12. Rac1 h6 13. Bh4 a6 14. Nd2 c5 15. dxc5 Nxc5 16. b4 Ncd7 17. Qb3 Ne5 18. f4 Nc6 19. Nde4 g5 20. Nxf6+ Qxf6 21. fxg5 hxg5 22. Ne4 Qg6 23. Nxg5 Ne5 24. e4 Bh6 25. Qg3 f6 26. Nxe6 Qxg3 27. Bxg3 Bxc1 28. Rxc1 Rdc8 29. Bxe5 dxe5 30. Rd1 Bxe4 31. Rd6 Rc6 32. c5 b5 33. Bg4 f5 34. Rxc6 Bxc6 35. Bxf5 Kf7 36. Nc7 Ra7 37. Be6+ Kf6 0-1

[Event "St Petersburg op"]
[Site "St Petersburg"]
[Date "2001.??.??"]
[Round "3"]
[White "Kolpakov, Andrey"]
[Black "Nadjezhdin, Dmitry"]
[Result "0-1"]
[WhiteElo "2159"]
[BlackElo "2259"]
[PlyCount "104"]
[EventDate "2001.??.??"]
[EventType "swiss"]
[EventRounds "9"]
[EventCountry "RUS"]
[SourceTitle "EXT 2002"]
[Source "ChessBase"]
[SourceDate "2001.11.25"]
[SourceVersion "1"]
[SourceVersionDate "2001.11.25"]
[SourceQuality "1"]

1. d4 Nf6 2. c4 c5 3. d5 e6 4. Nc3 exd5 5. cxd5 d6 6. Nf3 g6 7. g3 Bg7 8. Bg2 0-0 9. 0-0 a6 10. a4 Re8 11. Nd2 Nbd7 12. Rb1 Rb8 13. h3 Nh5 14. Nc4 Nb6 15. Nxb6 Qxb6 16. Bd2 Qc7 17. Re1 Bd7 18. Rc1 Qd8 19. Qc2 Qe7 20. Kh2 b5 21. axb5 axb5 22. b4 c4 23. e3 Ra8 24. Ra1 Qf6 25. Kg1 Qe5 26. Kh2 Nf6 27. Qd1 h5 28. f4 Qe7 29. e4 h4 30. g4 g5 31. e5 Rxa1 32. Qxa1 Nh7 33. exd6 Qxd6 34. Rxe8+ Bxe8 35. Qa8 Qd7 36. Ne4 Nf6 37. fxg5 Nxe4 38. Bxe4 c3 39. Bc1 Qd6+ 40. Kh1 Qe5 41. d6 Bf8 42. g6 Bxd6 43. Bf4 Qxf4 44. Qxe8+ Kg7 45. Qxf7+ Qxf7 46. gxf7 Bxb4 47. g5 Kxf7 48. g6+ Kf6 49. Kg2 Bf8 50. Kf3 Ke5 51. Bb1 Kd4 52. Kg4 b4 0-1